[Event "III Festival del Mediterraneo A"]
[Site "Terrasini ITA"]
[Date "2012.06.24"]
[Round "1"]
[White "Bertino, Giacomo"]
[Black "Sbarra, Marco"]
[Result "0-1"]
[WhiteElo "1987"]
[BlackElo "2279"]
[PlyCount "54"]
[EventDate "2012.06.24"]

1. e4 e5 2. Nf3 Nc6 3. Nc3 Nf6 4. d4 exd4 5. Nd5 Be7 6. Bf4 d6 7. Nxd4 O-O 8.
Nxc6 bxc6 9. Nxf6+ Bxf6 10. c3 d5 11. exd5 cxd5 12. Bb5 Rb8 13. Qe2 Bg4 14. f3
Be6 15. O-O Rb6 16. Be3 d4 17. Rfd1 Qb8 18. Bd3 dxe3 19. Qxe3 Rxb2 20. Rab1
Rxb1 21. Rxb1 Qa8 22. Rb5 Qd8 23. Rh5 g6 24. Qh6 Re8 25. Qxh7+ Kf8 26. Bxg6
fxg6 27. Qxg6 Bg7 0-1

[Event "III Festival del Mediterraneo A"]
[Site "Terrasini ITA"]
[Date "2012.06.24"]
[Round "1"]
[White "Meijers, Viesturs"]
[Black "Ravagnani, Tiziano"]
[Result "1-0"]
[WhiteElo "2487"]
[BlackElo "2023"]
[PlyCount "85"]
[EventDate "2012.06.24"]

1. e4 c5 2. Nf3 d6 3. d4 cxd4 4. Nxd4 Nf6 5. Nc3 g6 6. Be3 Bg7 7. Qd2 Ng4 8.
Bg5 Nc6 9. Nb3 h6 10. Bh4 Be6 11. f3 Nge5 12. Nd5 g5 13. Bf2 Ng6 14. O-O-O Bxd5
15. exd5 Nce5 16. Bb5+ Kf8 17. Rhe1 Qc7 18. Bd4 Bf6 19. Re3 Rc8 20. Rc3 Qb8 21.
Bxa7 Qa8 22. Rxc8+ Qxc8 23. Bd4 Kg7 24. a4 g4 25. fxg4 Bg5 26. Be3 Qxg4 27.
Bxg5 hxg5 28. h3 Qf4 29. Nd4 Qxd2+ 30. Rxd2 Nf4 31. Nf5+ Kf6 32. Ne3 Rc8 33. c3
Rc7 34. Kc2 Nd7 35. b4 Kg6 36. Bxd7 Rxd7 37. a5 Rd8 38. Kb3 f6 39. Ka4 Kf7 40.
Kb5 Ke8 41. Kb6 Rd7 42. b5 Kd8 43. a6 1-0

[Event "III Festival del Mediterraneo A"]
[Site "Terrasini ITA"]
[Date "2012.06.24"]
[Round "1"]
[White "Puleo, Diego"]
[Black "Burlov, Vassili"]
[Result "0-1"]
[WhiteElo "1997"]
[BlackElo "2347"]
[PlyCount "76"]
[EventDate "2012.06.24"]

1. d4 Nf6 2. Nc3 g6 3. e4 d6 4. Be3 Bg7 5. f3 c6 6. Qd2 Nbd7 7. O-O-O Qa5 8.
Kb1 b5 9. g4 b4 10. Nce2 Ba6 11. g5 Nh5 12. f4 h6 13. h4 d5 14. Bg2 Nb6 15. f5
Nc4 16. Qc1 hxg5 17. fxg6 fxg6 18. Bxg5 O-O 19. exd5 cxd5 20. Bxe7 Rf2 21. Qg5
Kh7 22. Bc5 Re8 23. Bf3 Rxf3 24. Nxf3 Rxe2 25. Qxd5 Nf6 26. Ng5+ Kh8 27. Qa8+
Re8 28. Qxa7 Qb5 29. h5 Bb7 30. hxg6+ Kg8 31. b3 Na3+ 32. Kb2 Nd7 33. Rhe1 Ra8
34. Qxa8+ Bxa8 35. Re8+ Nf8 36. Rxf8+ Bxf8 37. Bxf8 Kxf8 38. Ne6+ Kg8 0-1

[Event "III Festival del Mediterraneo A"]
[Site "Terrasini ITA"]
[Date "2012.06.24"]
[Round "1"]
[White "Savalla, Pietro"]
[Black "Rizzardi, Franco"]
[Result "0-1"]
[WhiteElo "1822"]
[BlackElo "2026"]
[PlyCount "108"]
[EventDate "2012.06.24"]

1. d4 d5 2. Nf3 Nf6 3. e3 Bf5 4. Bd3 Bg6 5. O-O e6 6. Bxg6 hxg6 7. Nbd2 Nbd7 8.
Qe2 Bd6 9. e4 dxe4 10. Nxe4 Nxe4 11. Qxe4 c6 12. Ne5 Nf6 13. Qe2 Qc7 14. h3 Rh5
15. c3 Bxe5 16. dxe5 Qxe5 17. Qxe5 Rxe5 18. Be3 b6 19. Rad1 Rd8 20. c4 Ra5 21.
Rxd8+ Kxd8 22. a3 Rh5 23. Rd1+ Ke7 24. Bf4 e5 25. Re1 Nd7 26. Bg3 f6 27. f4 Ke6
28. Rd1 Rh8 29. Kf2 exf4 30. Bxf4 Ne5 31. Bxe5 fxe5 32. Ke3 Rh4 33. b3 Rh8 34.
Ke4 Rf8 35. Ke3 Rf7 36. g3 Rf8 37. h4 g5 38. hxg5 Rf5 39. Re1 Rxg5 40. Kf3 Rf5+
41. Ke3 Rh5 42. Rd1 Rh2 43. Rd3 Ra2 44. a4 Rb2 45. Ke4 Rb1 46. Kf3 Kf5 47. Ke3
e4 48. Rc3 Ke5 49. c5 bxc5 50. Rxc5+ Kd6 51. Rc3 Kd5 52. Kf4 Rf1+ 53. Kg4 a5
54. Kh3 Rf3 0-1

[Event "III Festival del Mediterraneo A"]
[Site "Terrasini ITA"]
[Date "2012.06.24"]
[Round "1"]
[White "Valguarnera, Girolamo"]
[Black "Lo Piccolo, Antonino"]
[Result "1-0"]
[WhiteElo "2139"]
[BlackElo "1847"]
[PlyCount "47"]
[EventDate "2012.06.24"]

1. e4 e5 2. Nf3 Nc6 3. Bb5 a6 4. Ba4 Nf6 5. Nc3 b5 6. Bb3 Bc5 7. O-O d6 8. Nd5
Na5 9. d4 Nxb3 10. axb3 exd4 11. b4 Nxd5 12. bxc5 Nf6 13. Qxd4 O-O 14. Bg5 Bb7
15. Rad1 Qe7 16. cxd6 cxd6 17. Rfe1 Rfd8 18. Nh4 Qe5 19. Nf5 Kf8 20. Bxf6 gxf6
21. Qe3 Rac8 22. Qh6+ Ke8 23. Qxh7 Rxc2 24. Qg8+ 1-0

[Event "III Festival del Mediterraneo A"]
[Site "Terrasini ITA"]
[Date "2012.06.25"]
[Round "2"]
[White "Elbert, Gebhard"]
[Black "Savalla, Pietro"]
[Result "0-1"]
[WhiteElo "1990"]
[BlackElo "1822"]
[PlyCount "78"]
[EventDate "2012.06.24"]

1. d4 d5 2. Nf3 Nf6 3. e3 e6 4. b3 Bd6 5. Bb2 c5 6. Bd3 O-O 7. Nbd2 Nc6 8. a3
Qe7 9. O-O e5 10. dxe5 Nxe5 11. Be2 Bg4 12. Nxe5 Bxe2 13. Qxe2 Bxe5 14. c3 Ne4
15. Rac1 Nxd2 16. Qxd2 Rfd8 17. Rfd1 h6 18. Qc2 c4 19. h3 Bf6 20. Rd2 Qe4 21.
Qd1 a6 22. a4 cxb3 23. Qxb3 Qc4 24. Qxc4 dxc4 25. Rcd1 Kf8 26. Kf1 Ke8 27. Ke2
Rxd2+ 28. Rxd2 Rd8 29. f4 Rxd2+ 30. Kxd2 Be7 31. e4 Kd7 32. Ke3 Bc5+ 33. Kf3
Kc6 34. g4 Kb6 35. e5 Ka5 36. g5 hxg5 37. fxg5 Kxa4 38. Bc1 Kb3 39. Bd2 a5 0-1

[Event "III Festival del Mediterraneo A"]
[Site "Terrasini ITA"]
[Date "2012.06.25"]
[Round "2"]
[White "Ljubisavljevic, Zivojin Z."]
[Black "Meijers, Viesturs"]
[Result "0-1"]
[WhiteElo "2210"]
[BlackElo "2487"]
[PlyCount "47"]
[EventDate "2012.06.24"]

1. e4 c5 2. c4 e6 3. Nc3 a6 4. f4 b6 5. g3 Bb7 6. Bg2 Be7 7. d3 Nc6 8. Nf3 d6
9. O-O Qc7 10. f5 Nf6 11. fxe6 fxe6 12. Bh3 Bc8 13. Ng5 Nd8 14. Qe2 O-O 15. e5
dxe5 16. Nce4 h6 17. Nxf6+ Bxf6 18. Ne4 Be7 19. Be3 Nf7 20. Qh5 Bd7 21. Qg6
Rae8 22. Rf6 Qc8 23. Raf1 Nh8 24. Qg4 {...} 0-1

[Event "III Festival del Mediterraneo A"]
[Site "Terrasini ITA"]
[Date "2012.06.25"]
[Round "2"]
[White "Lo Piccolo, Antonino"]
[Black "Bertino, Giacomo"]
[Result "1-0"]
[WhiteElo "1847"]
[BlackElo "1987"]
[PlyCount "81"]
[EventDate "2012.06.24"]

1. d4 e6 2. c4 b6 3. Nc3 Bb7 4. e4 Bb4 5. Bd3 f5 6. d5 fxe4 7. Bxe4 Nf6 8. Bg5
exd5 9. cxd5 O-O 10. Nge2 Qe8 11. Bf3 Ne4 12. Bxe4 Bxc3+ 13. Nxc3 Qe5 14. Be3
Ba6 15. Qd4 Qh5 16. d6 c6 17. Rd1 Bb7 18. O-O Na6 19. b4 Rae8 20. Bf3 Qg6 21.
b5 Rxf3 22. Qc4+ Kh8 23. bxa6 Ba8 24. Qd3 Rf5 25. Ne2 Qf7 26. Ng3 Rfe5 27. Bd4
Rd5 28. Qb3 Qg6 29. Bb2 Rb5 30. Qc3 h5 31. a4 Rc5 32. Qd3 Qg4 33. Rfe1 Rf8 34.
Qd4 Qg6 35. Re7 Rg8 36. Qe4 Qg5 37. h4 Qh6 38. Rxd7 Rd5 39. Rxd5 cxd5 40. Qe7
Qg6 41. Bxg7+ 1-0

[Event "III Festival del Mediterraneo A"]
[Site "Terrasini ITA"]
[Date "2012.06.25"]
[Round "2"]
[White "Messina, Damiano"]
[Black "Puleo, Diego"]
[Result "1-0"]
[WhiteElo "1937"]
[BlackElo "1997"]
[PlyCount "63"]
[EventDate "2012.06.24"]

1. d4 c5 2. d5 Nf6 3. Nc3 d6 4. e4 e5 5. Bd3 Be7 6. Nge2 O-O 7. O-O Bg4 8. f3
Bd7 9. Ng3 Qb6 10. Kh1 Rc8 11. b3 Na6 12. Be2 Ne8 13. a3 g6 14. f4 exf4 15.
Bxf4 Bf6 16. Qe1 Ng7 17. Bd2 Bd4 18. Bd3 Rf8 19. Nge2 Be5 20. Qh4 Rae8 21. Bg5
f5 22. Rad1 Qa5 23. Bd2 Bf6 24. Qh6 Qd8 25. Ng3 f4 26. Rxf4 Be5 27. Rh4 Rf2 28.
Qxh7+ Kf8 29. Nce2 Qf6 30. Qh6 Bxg3 31. Nxg3 Kf7 32. Rf4 1-0

[Event "III Festival del Mediterraneo A"]
[Site "Terrasini ITA"]
[Date "2012.06.25"]
[Round "2"]
[White "Ravagnani, Tiziano"]
[Black "Assmann, Norbert"]
[Result "1-0"]
[WhiteElo "2023"]
[BlackElo "1921"]
[PlyCount "67"]
[EventDate "2012.06.24"]

1. e4 g6 2. d4 Bg7 3. c4 d6 4. Nc3 Nf6 5. Nf3 O-O 6. Be2 c6 7. O-O Bg4 8. h3
Bxf3 9. Bxf3 e5 10. Be3 Nbd7 11. d5 c5 12. Qd2 Ne8 13. Bg5 Bf6 14. Bh6 Bg7 15.
Bg5 Bf6 16. h4 Bxg5 17. hxg5 f6 18. Bg4 Nb6 19. Be6+ Kg7 20. f4 exf4 21. Qxf4
Nxc4 22. Qh2 Qe7 23. Rf4 Ne5 24. Raf1 Rd8 25. Ne2 Kh8 26. Rh4 Qg7 27. Rff4 Nf7
28. Rxh7+ Qxh7 29. Rh4 Nxg5 30. Rxh7+ Nxh7 31. Nf4 Kg7 32. Nxg6 Ng5 33. Qh5 Rf7
34. Qh8+ 1-0

[Event "III Festival del Mediterraneo A"]
[Site "Terrasini ITA"]
[Date "2012.06.25"]
[Round "2"]
[White "Rizzardi, Franco"]
[Black "Napoli, Nicolo'"]
[Result "0-1"]
[WhiteElo "2026"]
[BlackElo "2280"]
[PlyCount "76"]
[EventDate "2012.06.24"]

1. e4 c6 2. d4 Nf6 3. Bd3 d5 4. e5 Ng8 5. Be3 h5 6. h3 Qb6 7. Qc1 Nh6 8. Nf3
Nf5 9. Nbd2 Na6 10. c3 c5 11. O-O cxd4 12. cxd4 Bd7 13. Nb3 Nb4 14. Bb1 e6 15.
a3 Rc8 16. Qd2 Na6 17. Nc1 Be7 18. b4 Nc7 19. Nd3 Bb5 20. Rc1 Bc4 21. Nc5 Qc6
22. Bc2 b6 23. Ba4 Nb5 24. Nd3 O-O 25. Nb2 Qd7 26. Rc2 a6 27. Rac1 Qb7 28. Bxb5
axb5 29. Rc3 Ra8 30. Nd3 Ra6 31. Qb2 Rfa8 32. R1c2 Nxe3 33. fxe3 Qa7 34. Nf4
Rxa3 35. Rxa3 Qxa3 36. Qxa3 Rxa3 37. Nxh5 Bxb4 38. Kf2 Bc3 0-1

[Event "III Festival del Mediterraneo A"]
[Site "Terrasini ITA"]
[Date "2012.06.25"]
[Round "2"]
[White "Sbarra, Marco"]
[Black "Valguarnera, Girolamo"]
[Result "1-0"]
[WhiteElo "2279"]
[BlackElo "2139"]
[PlyCount "75"]
[EventDate "2012.06.24"]

1. d4 Nf6 2. c4 c5 3. d5 e6 4. Nc3 exd5 5. cxd5 d6 6. e4 g6 7. f4 Bg7 8. Bb5+
Nfd7 9. Nf3 O-O 10. O-O a6 11. Bd3 b5 12. Kh1 Nb6 13. f5 N8d7 14. Bg5 Qc7 15.
Qd2 b4 16. Ne2 c4 17. Rac1 Re8 18. Bb1 Nc5 19. Bh6 Nxe4 20. Bxe4 Rxe4 21. Bxg7
Rxe2 22. Qxe2 Kxg7 23. f6+ Kxf6 24. Ne5+ Bf5 25. Nxc4 Nxc4 26. Rxc4 Qb7 27. Qd2
Kg7 28. Rxb4 Qd7 29. g4 a5 30. Rbf4 Be6 31. dxe6 Qc6+ 32. Qg2 Qxg2+ 33. Kxg2
fxe6 34. Rf7+ Kh6 35. Rd7 d5 36. Rff7 Rc8 37. h4 g5 38. Rf6# 1-0

[Event "III Festival del Mediterraneo A"]
[Site "Terrasini ITA"]
[Date "2012.06.26"]
[Round "3"]
[White "Assmann, Norbert"]
[Black "Elbert, Gebhard"]
[Result "1/2-1/2"]
[WhiteElo "1921"]
[BlackElo "1990"]
[PlyCount "30"]
[EventDate "2012.06.24"]

1. Nf3 d5 2. d4 c6 3. c3 e6 4. Bg5 Be7 5. Bxe7 Qxe7 6. e3 f5 7. Ne5 Nf6 8. Nd2
Nbd7 9. Ndf3 Ne4 10. Bd3 Ndf6 11. Bxe4 Nxe4 12. Nd2 Nf6 13. O-O Bd7 14. Nxd7
Nxd7 15. Nf3 O-O 1/2-1/2

[Event "III Festival del Mediterraneo A"]
[Site "Terrasini ITA"]
[Date "2012.06.26"]
[Round "3"]
[White "Bentivegna, Francesco"]
[Black "Ravagnani, Tiziano"]
[Result "1-0"]
[WhiteElo "2276"]
[BlackElo "2023"]
[PlyCount "83"]
[EventDate "2012.06.24"]

1. e4 c5 2. b3 Nc6 3. Bb2 e6 4. Nf3 Nf6 5. e5 Nd5 6. c4 Nf4 7. g3 Ng6 8. Bg2 d6
9. exd6 Qxd6 10. O-O Nd4 11. Nxd4 cxd4 12. Na3 Qb6 13. h4 Bd7 14. h5 Ne5 15.
Qe2 f6 16. d3 Bc6 17. Bxc6+ Qxc6 18. f4 Bxa3 19. Bxa3 Nf7 20. Rae1 e5 21. Qg4
Qd7 22. Qxd7+ Kxd7 23. fxe5 Nxe5 24. Re4 Nc6 25. h6 Rhg8 26. Kh2 Rae8 27. Rxe8
Kxe8 28. hxg7 Rxg7 29. Rxf6 Rf7 30. Re6+ Kd7 31. Rd6+ Kc7 32. Kg2 Rf5 33. Rh6
Rf7 34. Rh4 a5 35. Rh5 b6 36. g4 Ne7 37. Bb2 Nc6 38. Ba3 Ne7 39. Kg3 Ng6 40.
Rd5 Rd7 41. Rxd7+ Kxd7 42. Bb2 1-0

[Event "III Festival del Mediterraneo A"]
[Site "Terrasini ITA"]
[Date "2012.06.28"]
[Round "3"]
[White "Meijers, Viesturs"]
[Black "Sbarra, Marco"]
[Result "1/2-1/2"]
[WhiteElo "2487"]
[BlackElo "2279"]
[PlyCount "90"]
[EventDate "2012.06.24"]

1. c4 e6 2. e3 d5 3. b3 c5 4. Bb2 Nc6 5. Nf3 Nf6 6. g3 d4 7. exd4 cxd4 8. Bg2
Bc5 9. O-O O-O 10. d3 e5 11. a3 a5 12. Nbd2 h6 13. Ne1 Bg4 14. f3 Bf5 15. Ne4
Be7 16. Bc1 Bh7 17. f4 exf4 18. Nxf6+ Bxf6 19. Bxf4 Bg5 20. Qd2 Bxf4 21. Rxf4
Qb6 22. Rb1 g5 23. Rf6 Kg7 24. Qf2 Qd8 25. Bxc6 Qxf6 26. Bxb7 Rab8 27. Bd5
Qxf2+ 28. Kxf2 Rfe8 29. Bg2 Rxe1 30. Kxe1 Bxd3 31. Rb2 Bxc4 32. b4 axb4 33.
axb4 Re8+ 34. Kf2 Ba6 35. Bf1 d3 36. Rd2 Re4 37. Bxd3 Bxd3 38. Rxd3 Rxb4 39.
Rd2 h5 40. Kg2 h4 41. Kh3 Kg6 42. Rd8 Kf5 43. Rd5+ Kf6 44. Ra5 Re4 45. Rb5 Re5
1/2-1/2

[Event "III Festival del Mediterraneo A"]
[Site "Terrasini ITA"]
[Date "2012.06.26"]
[Round "3"]
[White "Napoli, Nicolo'"]
[Black "Burlov, Vassili"]
[Result "1-0"]
[WhiteElo "2280"]
[BlackElo "2347"]
[PlyCount "121"]
[EventDate "2012.06.24"]

1. d4 Nf6 2. Nc3 c5 3. d5 e5 4. e4 d6 5. a4 Be7 6. Bb5+ Nbd7 7. a5 a6 8. Be2
O-O 9. Nf3 Ne8 10. Nd2 Bg5 11. Nc4 Bxc1 12. Qxc1 Qh4 13. O-O f5 14. exf5 Rxf5
15. g3 Qe7 16. Qe3 Rf7 17. Ne4 Rb8 18. Ng5 Rf5 19. f4 h6 20. Bg4 Rf8 21. Nf3 b5
22. Be6+ Kh7 23. Nh4 g6 24. f5 g5 25. Ng6 Qg7 26. Nd2 Nef6 27. Ne4 Nxe4 28.
Nxf8+ Qxf8 29. Qxe4 Nf6 30. Qe2 Bb7 31. Qd2 Re8 32. Rae1 Qg7 33. Re3 Ba8 34. b3
Rb8 35. Qg2 Qa7 36. Re2 Qc7 37. Ra1 g4 38. c3 Qg7 39. Rae1 Qg5 40. Qf2 Rb7 41.
Bc8 Rc7 42. Bxa6 Bxd5 43. Bxb5 Bf3 44. Bd3 Kg7 45. h4 Qh5 46. Re3 c4 47. bxc4
Qf7 48. a6 Qd7 49. Rxf3 gxf3 50. Qxf3 Rc5 51. g4 e4 52. Rxe4 Nxe4 53. Qxe4 Qd8
54. a7 Ra5 55. Qb7+ Kf6 56. Be4 Ra1+ 57. Kg2 Ra2+ 58. Kf3 Qa5 59. g5+ hxg5 60.
hxg5+ Kxg5 61. Qg7+ 1-0

[Event "III Festival del Mediterraneo A"]
[Site "Terrasini ITA"]
[Date "2012.06.26"]
[Round "3"]
[White "Savalla, Pietro"]
[Black "Ljubisavljevic, Zivojin Z."]
[Result "1/2-1/2"]
[WhiteElo "1822"]
[BlackElo "2210"]
[PlyCount "63"]
[EventDate "2012.06.24"]

1. d4 Nf6 2. Nf3 e6 3. e3 b6 4. Bd3 c5 5. c3 Ba6 6. Bxa6 Nxa6 7. O-O Nc7 8.
Nbd2 Be7 9. e4 cxd4 10. cxd4 O-O 11. Qe2 Qc8 12. Re1 Qa6 13. Qxa6 Nxa6 14. a3
Rac8 15. Nf1 d5 16. e5 Ne4 17. N1d2 Nxd2 18. Bxd2 Rc2 19. Bc3 Rc8 20. Re3 f5
21. exf6 Bxf6 22. Ne1 R2xc3 23. Rxc3 Rc4 24. Rxc4 dxc4 25. Nf3 Nc7 26. Re1 b5
27. Ne5 Kf8 28. Nd7+ Ke7 29. Nxf6 gxf6 30. f3 Kd6 31. Kf2 a5 32. Re4 1/2-1/2

[Event "III Festival del Mediterraneo A"]
[Site "Terrasini ITA"]
[Date "2012.06.26"]
[Round "3"]
[White "Valguarnera, Girolamo"]
[Black "Messina, Damiano"]
[Result "1-0"]
[WhiteElo "2139"]
[BlackElo "1937"]
[PlyCount "82"]
[EventDate "2012.06.24"]

1. e4 c5 2. Nf3 d6 3. d4 cxd4 4. Nxd4 Nf6 5. Nc3 g6 6. Be3 Bg7 7. Qd2 Ng4 8.
O-O-O Nc6 9. Bc4 Nxe3 10. fxe3 Ne5 11. Bb3 a6 12. Kb1 O-O 13. h3 b5 14. g4 Bb7
15. Rhg1 Rc8 16. Nd5 Nc4 17. Bxc4 Rxc4 18. a3 e6 19. Nc3 Qc7 20. h4 Rxc3 21.
Qxc3 Qxc3 22. bxc3 Bxe4 23. Kc1 Rc8 24. Kd2 d5 25. Rb1 Bf8 26. Rb3 h6 27. Rf1
Be7 28. h5 g5 29. a4 b4 30. cxb4 e5 31. Nf5 Rxc2+ 32. Kd1 Bf8 33. Ng3 Bh7 34.
Nf5 Rg2 35. b5 axb5 36. axb5 Rxg4 37. b6 Bxf5 38. b7 Bd6 39. b8=Q+ Bxb8 40.
Rxb8+ Kg7 41. Rxf5 Re4 1-0

[Event "III Festival del Mediterraneo A"]
[Site "Terrasini ITA"]
[Date "2012.06.26"]
[Round "4"]
[White "Elbert, Gebhard"]
[Black "Puleo, Diego"]
[Result "0-1"]
[WhiteElo "1990"]
[BlackElo "1997"]
[PlyCount "70"]
[EventDate "2012.06.24"]

1. d4 d5 2. Nf3 e6 3. e3 c6 4. b3 Bd6 5. Bb2 f5 6. Ne5 Nf6 7. Nd2 O-O 8. Bd3
Nbd7 9. O-O Ne4 10. f4 Nxe5 11. fxe5 Be7 12. Rf3 Bd7 13. c4 Be8 14. Rf1 g5 15.
Bxe4 dxe4 16. c5 b5 17. Qe2 Bg6 18. a4 a6 19. Ra2 Qd5 20. Re1 Rfd8 21. Bc3 f4
22. axb5 axb5 23. Rea1 Rxa2 24. Rxa2 Rf8 25. Ra7 Bxc5 26. dxc5 Qxc5 27. Bd4 Qc2
28. Ra1 c5 29. Qd1 Qxd1+ 30. Rxd1 cxd4 31. exd4 Rd8 32. Nb1 b4 33. g3 e3 34.
gxf4 gxf4 35. Kg2 Be4+ 0-1

[Event "III Festival del Mediterraneo A"]
[Site "Terrasini ITA"]
[Date "2012.06.26"]
[Round "4"]
[White "Ljubisavljevic, Zivojin Z."]
[Black "Valguarnera, Girolamo"]
[Result "1-0"]
[WhiteElo "2210"]
[BlackElo "2139"]
[PlyCount "83"]
[EventDate "2012.06.24"]

1. e4 c5 2. c4 Nc6 3. f4 g6 4. Nc3 Bg7 5. d3 e6 6. Nf3 Nge7 7. Be2 d6 8. O-O
O-O 9. Qe1 a6 10. Qh4 Nd4 11. Nxd4 Bxd4+ 12. Kh1 f5 13. Bf3 Rb8 14. a4 Bf6 15.
Qh3 Bd7 16. g4 Bc6 17. Bd2 Qb6 18. a5 Qc7 19. gxf5 exf5 20. Rae1 Rbe8 21. Re2
Bg7 22. Rfe1 Bd7 23. e5 dxe5 24. fxe5 f4 25. Qg2 Bf5 26. Nd5 Nxd5 27. Bxd5+ Kh8
28. Bxf4 Bxd3 29. Rf2 Qxa5 30. Bd2 Qa2 31. Rxf8+ Rxf8 32. e6 Bxc4 33. Bxc4 Qxc4
34. e7 Re8 35. Qxb7 Qb5 36. Qf3 Qxb2 37. Qf7 Qb7+ 38. Kg1 Qd7 39. Bc3 Bd4+ 40.
Re3 Qg4+ 41. Kh1 Qd1+ 42. Re1 1-0

[Event "III Festival del Mediterraneo A"]
[Site "Terrasini ITA"]
[Date "2012.06.26"]
[Round "4"]
[White "Ravagnani, Tiziano"]
[Black "Savalla, Pietro"]
[Result "0-1"]
[WhiteElo "2023"]
[BlackElo "1822"]
[PlyCount "56"]
[EventDate "2012.06.24"]

1. e4 e5 2. Bc4 Nc6 3. Nf3 Be7 4. d4 exd4 5. Nxd4 Nf6 6. Nxc6 dxc6 7. Qxd8+
Bxd8 8. O-O O-O 9. Nc3 Re8 10. Bg5 h6 11. Bxf6 Bxf6 12. Rad1 Kf8 13. Rfe1 Be6
14. Bxe6 Rxe6 15. f4 Bxc3 16. bxc3 Rae8 17. e5 f6 18. Rd7 fxe5 19. fxe5 R6e7
20. Rxe7 Kxe7 21. Re3 Ke6 22. g4 Rd8 23. Rd3 Rxd3 24. cxd3 Kxe5 25. Kf2 Kf4 26.
h3 g5 27. a4 b5 28. a5 c5 0-1

[Event "III Festival del Mediterraneo A"]
[Site "Terrasini ITA"]
[Date "2012.06.26"]
[Round "4"]
[White "Rizzardi, Franco"]
[Black "Bentivegna, Francesco"]
[Result "0-1"]
[WhiteElo "2026"]
[BlackElo "2276"]
[PlyCount "56"]
[EventDate "2012.06.24"]

1. e4 c5 2. Nf3 a6 3. d4 cxd4 4. Nxd4 Nf6 5. Nc3 e5 6. Nde2 Bc5 7. Ng3 d6 8.
Be2 Nc6 9. O-O O-O 10. Bg5 h6 11. Bxf6 Qxf6 12. Nd5 Qd8 13. c3 Ne7 14. Kh1 Nxd5
15. exd5 f5 16. Bd3 e4 17. Bc4 Qh4 18. Qe2 Bd7 19. a4 Rae8 20. b4 Ba7 21. b5
Re5 22. b6 Bxb6 23. Rab1 Bc5 24. Rxb7 Bc8 25. Rb8 f4 26. Bxa6 fxg3 27. fxg3
Rxf1+ 28. Qxf1 Rh5 0-1

[Event "III Festival del Mediterraneo A"]
[Site "Terrasini ITA"]
[Date "2012.06.26"]
[Round "4"]
[White "Sbarra, Marco"]
[Black "Napoli, Nicolo'"]
[Result "1-0"]
[WhiteElo "2279"]
[BlackElo "2280"]
[PlyCount "63"]
[EventDate "2012.06.24"]

1. d4 Nf6 2. c4 c5 3. d5 b5 4. Nf3 g6 5. Qc2 Bg7 6. e4 d6 7. cxb5 O-O 8. Nc3 a6
9. a4 Nfd7 10. Rb1 axb5 11. axb5 Nb6 12. Be2 f5 13. Ng5 fxe4 14. Ncxe4 Nxd5 15.
Bc4 e6 16. Qd3 Bd4 17. Qh3 Qe7 18. Nxd6 Bxf2+ 19. Ke2 Nf4+ 20. Bxf4 Rxf4 21.
Nxc8 Qxg5 22. Qxe6+ Kg7 23. Rhf1 Ra4 24. Nd6 Raxc4 25. Nxc4 Rf6 26. Qe4 Qh5+
27. g4 Qh4 28. Ra1 Nd7 29. Ra7 Rf7 30. Ne5 Qxh2 31. Nxf7 Bd4+ 32. Kd1 1-0

[Event "III Festival del Mediterraneo A"]
[Site "Terrasini ITA"]
[Date "2012.06.27"]
[Round "5"]
[White "Assmann, Norbert"]
[Black "Messina, Damiano"]
[Result "0-1"]
[WhiteElo "1921"]
[BlackElo "1937"]
[PlyCount "108"]
[EventDate "2012.06.24"]

1. Nf3 Nf6 2. g3 c5 3. c4 Nc6 4. Bg2 g6 5. O-O Bg7 6. Nc3 O-O 7. d4 cxd4 8.
Nxd4 a6 9. e4 Nxe4 10. Nxc6 Nxc3 11. Nxd8 Nxd1 12. Nxb7 Nxb2 13. Na5 Rb8 14.
Rb1 Rb4 15. Bg5 Re8 16. c5 Rb5 17. Nb3 Bb7 18. Bh3 f5 19. Bc1 Nd3 20. Be3 e5
21. Rfd1 e4 22. Bf1 Rb4 23. Na5 Rxb1 24. Rxb1 Bd5 25. Rb6 Re6 26. Rb8+ Kf7 27.
Rd8 Ke7 28. Rg8 Bf6 29. Nb3 Bxb3 30. axb3 Rc6 31. Ra8 g5 32. f3 Nxc5 33. Bxc5+
Rxc5 34. fxe4 fxe4 35. Rxa6 Rc2 36. Bc4 Bd4+ 37. Kf1 Rxh2 38. Ra5 h6 39. Rd5
Bf6 40. Be2 d6 41. b4 Rh1+ 42. Kf2 Rb1 43. b5 Be5 44. g4 Rb2 45. Ke3 Bf4+ 46.
Kf2 Ke6 47. Rf5 d5 48. Rf8 Ke7 49. Rc8 Kd6 50. Rc6+ Ke5 51. Rc8 d4 52. Re8+ Kd5
53. Rd8+ Bd6 54. Ke1 d3 0-1

[Event "III Festival del Mediterraneo A"]
[Site "Terrasini ITA"]
[Date "2012.06.27"]
[Round "5"]
[White "Bertino, Giacomo"]
[Black "Elbert, Gebhard"]
[Result "0-1"]
[WhiteElo "1987"]
[BlackElo "1990"]
[PlyCount "134"]
[EventDate "2012.06.24"]

1. e4 Nf6 2. Nc3 d5 3. d4 e6 4. Bg5 Be7 5. e5 Nfd7 6. h4 f6 7. Bf4 c5 8. Nf3 a6
9. Bd3 Nc6 10. exf6 Nxf6 11. dxc5 Bxc5 12. O-O O-O 13. a3 Ng4 14. Bg3 e5 15.
Nxd5 Be6 16. Bxh7+ Kh8 17. Be4 Rc8 18. c4 a5 19. Rc1 Nd4 20. Ng5 Qe8 21. b4
axb4 22. axb4 Bd6 23. c5 Bb8 24. Ne3 Nh6 25. Nf3 Rd8 26. Qe1 Qb5 27. Nxd4 exd4
28. Bxb8 Rxb8 29. Nd5 Rbd8 30. Nc7 Qd7 31. Nxe6 Qxe6 32. Bd3 Qg4 33. Qe4 Qxe4
34. Bxe4 Rd7 35. b5 Ng4 36. c6 bxc6 37. bxc6 Rc7 38. Rc5 Kg8 39. Bd5+ Kh7 40.
Be4+ Kg8 41. f3 Nf6 42. Rb1 Kf7 43. Rb7 Rfc8 44. Bf5 Rxb7 45. cxb7 Rxc5 46.
b8=Q Rxf5 47. Qc7+ Ke6 48. g4 Rd5 49. Qc2 d3 50. Qd2 Nd7 51. f4 Rd4 52. Kf2 Kd5
53. Kf3 Nc5 54. Qa2+ Kd6 55. Ke3 d2 56. Kxd4 d1=Q+ 57. Ke3 Qd3+ 58. Kf2 Ne4+
59. Kg1 Qg3+ 60. Qg2 Qxf4 61. h5 Nd2 62. Kh1 Ke5 63. g5 Nf3 64. Qe2+ Kf5 65.
Qd3+ Kxg5 66. Qg6+ Kh4 67. Kg2 Qg4+ 0-1

[Event "III Festival del Mediterraneo A"]
[Site "Terrasini ITA"]
[Date "2012.06.27"]
[Round "5"]
[White "Meijers, Viesturs"]
[Black "Napoli, Nicolo'"]
[Result "1-0"]
[WhiteElo "2487"]
[BlackElo "2280"]
[PlyCount "97"]
[EventDate "2012.06.24"]

1. Nf3 g6 2. c4 Bg7 3. Nc3 e5 4. d4 exd4 5. Nxd4 Nc6 6. Nxc6 bxc6 7. g3 Qe7 8.
Qd3 Ba6 9. b3 d5 10. Bg2 Qe6 11. Bb2 Nf6 12. Na4 Qe7 13. Qd2 O-O 14. Qa5 Rfe8
15. O-O Bc8 16. cxd5 cxd5 17. e3 c6 18. Rac1 Bd7 19. Nc5 Bf5 20. Na6 Rac8 21.
Nb4 Qb7 22. Rfd1 Bf8 23. Nd3 Nd7 24. Qc3 f6 25. h3 Bd6 26. g4 Be4 27. g5 Bxg2
28. Kxg2 c5 29. Kg1 Ne5 30. Ne1 Bb8 31. gxf6 Nf7 32. Qd3 Rcd8 33. Rxc5 Qd7 34.
Kg2 Qd6 35. Rxd5 Qh2+ 36. Kf3 Qxh3+ 37. Ke2 Qg4+ 38. Nf3 Bc7 39. Rxd8 Rxd8 40.
Qc4 Qxc4+ 41. bxc4 h5 42. Rxd8+ Bxd8 43. e4 g5 44. e5 g4 45. Nh4 Ng5 46. f4 Nh7
47. Ke3 Nf8 48. Ke4 Ne6 49. f5 1-0

[Event "III Festival del Mediterraneo A"]
[Site "Terrasini ITA"]
[Date "2012.06.27"]
[Round "5"]
[White "Rizzardi, Franco"]
[Black "Ljubisavljevic, Zivojin Z."]
[Result "0-1"]
[WhiteElo "2026"]
[BlackElo "2210"]
[PlyCount "110"]
[EventDate "2012.06.24"]

1. e4 e6 2. d4 d5 3. e5 c5 4. c3 Qb6 5. Nf3 Bd7 6. Be2 Bb5 7. c4 Bxc4 8. Bxc4
dxc4 9. d5 exd5 10. Qxd5 Ne7 11. Qxc4 Qb4+ 12. Nbd2 Qxc4 13. Nxc4 Ng6 14. O-O
Nc6 15. Re1 O-O-O 16. Bg5 Rd7 17. e6 fxe6 18. Rxe6 Be7 19. Bxe7 Rxe7 20. Nd6+
Kc7 21. Rxe7+ Ngxe7 22. Ne4 b6 23. Rd1 h6 24. g3 Nf5 25. Kg2 Nfd4 26. Nxd4 Nxd4
27. Rd2 Re8 28. f3 Kc6 29. Nf2 Re1 30. Nd3 Ra1 31. b3 a5 32. Ne5+ Kb5 33. Nd7
Re1 34. f4 Re6 35. Kf2 Kb4 36. Ne5 a4 37. bxa4 Kxa4 38. Ke3 b5 39. Ke4 Re8 40.
g4 b4 41. h4 Rf8 42. h5 Nb5 43. Nd7 Nc3+ 44. Ke5 Re8+ 45. Kf5 c4 46. Ne5 Rf8+
47. Kg6 Rxf4 48. Kxg7 Re4 49. Kxh6 Rxe5 50. g5 Ne4 51. Rg2 Nxg5 52. Rxg5 Rxg5
53. Kxg5 c3 54. h6 c2 55. Kg6 c1=Q 0-1